Library Banner

Osman's dream (Record no. 78073)

MARC details
000 -LEADER
fixed length control field 00446nam a2200169Ia 4500
001 - CONTROL NUMBER
control field 69053
008 - FIXED-LENGTH DATA ELEMENTS--GENERAL INFORMATION
fixed length control field 151103s9999||||xx |||||||||||||| ||und||
020 ## - INTERNATIONAL STANDARD BOOK NUMBER
International Standard Book Number 9780719561122
040 ## - CATALOGING SOURCE
Transcribing agency PK-LaUMT
082 ## - DEWEY DECIMAL CLASSIFICATION NUMBER
Classification number 956.1015
Item number FIN-O
100 ## - MAIN ENTRY--PERSONAL NAME
Personal name Finkel, Caroline
245 ## - TITLE STATEMENT
Title Osman's dream
Remainder of title the story of the Ottoman Empire 1300-1923
Statement of responsibility, etc Finkel, Caroline
260 ## - PUBLICATION, DISTRIBUTION, ETC. (IMPRINT)
Place of publication, distribution, etc London,UK:
Name of publisher, distributor, etc John Murray,
Date of publication, distribution, etc 2005
300 ## - PHYSICAL DESCRIPTION
Extent 674 p.
546 ## - LANGUAGE NOTE
Language note EN
942 ## - ADDED ENTRY ELEMENTS (KOHA)
Koha item type Books
Holdings
Withdrawn status Lost status Damaged status Not for loan Home library Current library Date acquired Total Checkouts Full call number Barcode Date last seen Date checked out Price effective from Koha item type
        UMT Main Campus UMT Main Campus 2015-11-02 14 956.1015 FIN-O 94553 2026-06-29 2026-06-12 2015-11-03 Books